000
00276nam a2200109Ia 4500
008
230907s9999||||xx |||||||||||||| ||und||
082
_a
696.028557
_b
MCG
100
_a
McGowan, John J.,
_9
115786
245
0
_a
Energy and analytics :
300
_a
xvii, 355 pages ;
942
_c
BK
999
_c
599549
_d
599549